00723nam a22001937a 4500999001900000005001700019010001500036020003000051035001400081037001300095082000600108100002100114245007700135260005000212270008100262300002700343942002000370952013900390 c177241d17724120210215172607.0 aENG-128985 c495.00a978-93-86473-70-7 aEN-112517 bDBAD/PUB aN aVishnupriya Sita aVimla: The Everyday Indian Woman and Murder Most Foul/cVishnupriya Sita aNew DelhibVitasta Publishing Pvt. Ltd.c2021 bNew Delhia2/15, Ansari Roaad, Daryaganje110002minfo@vitastapublishing.com axxiii+209p.c23cm(hbk) 2ddccENhNmVIS 001040708FICaAVbAVd2021-02-15eDBAD/PUBg495.00l2oN VISpEN-112517r2024-06-28 00:00:00s2024-05-31t1v495.00w2021-02-15yEN